[Event "BL2-W9697"]
[Site "Germany"]
[Date "1997.??.??"]
[Round "?.1"]
[White "Chernin, Alexander"]
[Black "Delemarre, Jop"]
[Result "1-0"]
[WhiteElo "2635"]
[BlackElo "2405"]

1.c4 c6 2.d4 d5 3.Nc3 Nf6 4.e3 e6 5.b3 Nbd7 6.Bb2 Bd6 7.Nf3 O-O 8.Bd3 Re8
9.Qc2 e5 10.cxd5 cxd5 11.Nb5 Bb4+ 12.Nd2 e4 13.Be2 Re6 14.Qc7 Qf8 15.Rc1 Ne8
16.Qc2 Nb6 17.a3 Be7 18.b4 Rg6 19.g3 Bd7 20.Qb3 a6 21.Nc3 Nf6 22.Qa2 Bd6
23.Nb3 Rd8 24.Nc5 Bc8 25.a4 Qe7 26.a5 Nbd7 27.Ba3 Nxc5 28.bxc5 Bc7 29.c6 Qe6
30.cxb7 Bxb7 31.Bb4 Rc8 32.Na4 Nd7 33.Rc3 Bc6 34.Kd2 Rb8 35.Rhc1 Rxb4 36.Rxc6 Bxa5
37.Kd1 Qxc6 38.Rxc6 Rxc6 39.Nb2 Bc7 40.Qxd5 Rd6 41.Qa2 Nb6 42.Ke1 Rc6 43.Nd1 Ra4
44.Qb2 Bd6 45.Kf1 Rb4 46.Qa2 Na4 47.Qd5 Rbb6 48.Bc4 Rc7 49.Bb3 Bf8 50.Bxa4 Rb4
51.Qa2 a5 52.Kg2 g6 53.Bc2 Kg7 54.Bxe4 a4 55.Nb2 Ra7 56.Nd3 Rb5 57.Bc6 Rba5
58.Ne5 a3 59.Nc4 R5a6 60.Bb5 Rf6 61.d5 Bc5 62.f4 h5 63.h4  1-0

[Event "BL2-N9798"]
[Site "Germany"]
[Date "1997.??.??"]
[Round "3.3"]
[White "Wenzel, Reinhard"]
[Black "Becker, Walter"]
[Result "1/2-1/2"]
[WhiteElo "2280"]
[BlackElo "2275"]

1.c4 c6 2.Nf3 d5 3.b3 Bf5 4.Bb2 Nf6 5.g3 e6 6.Bg2 Be7 7.O-O O-O 8.d3 h6 9.Qc2 Nbd7
10.Nbd2 Qc7 11.a3 Rac8 12.Nd4 Bg6 13.e4 dxe4 14.dxe4 Rfd8 15.Rad1 Qb6 16.h3 a5
17.Ne2 Bh7 18.Bd4 Bc5 19.Qc3 e5 20.Bxc5 Nxc5 21.Qxe5 Re8 22.Qd4 Rcd8 23.Qc3 Bxe4
24.Nxe4 Ncxe4 25.Bxe4 Rxd1 26.Rxd1 Nxe4 27.Qf3 Ng5 28.Qg4 Qxb3 29.Nd4 Qxc4
30.Qd7 Re5 31.Nf5 Qe6 32.Qd8+ Kh7 33.g4 Re1+ 34.Kh2 Qe5+ 35.Ng3 Rxd1 36.Qxd1 g6
37.Qb3 h5 38.h4 Ne6 39.Qc2 Nd4 40.Qd3 c5 41.gxh5 Qf4 42.hxg6+ fxg6 43.Kh3 c4
44.Qc3 Nc6 45.Qe1 Qe5 46.Qd1 Qe6+  1/2-1/2

[Event "BL2-N9798"]
[Site "Germany"]
[Date "1997.??.??"]
[Round "3.2"]
[White "Hegeler, Frank"]
[Black "Gisbrecht, Ewgeni"]
[Result "1/2-1/2"]
[WhiteElo "2330"]
[BlackElo "2400"]

1.c4 c6 2.e4 d5 3.exd5 cxd5 4.cxd5 Nf6 5.Nc3 Nxd5 6.d4 Nc6 7.Nf3 Bg4 8.Qb3 Bxf3
9.gxf3 e6 10.Qxb7 Nxd4 11.Bb5+ Nxb5 12.Qc6+ Ke7 13.Qxb5 Qd7 14.Nxd5+ Qxd5
15.Bg5+ f6 16.Qxd5 exd5 17.Be3 Ke6 18.O-O-O Bb4 19.a3 Rac8+ 20.Kb1  1/2-1/2

[Event "NRW-Liga II 9697"]
[Site "Germany"]
[Date "1997.??.??"]
[Round "6.6"]
[White "Balduan, Markus"]
[Black "Gikas, Basilius"]
[Result "1/2-1/2"]
[WhiteElo "2280"]
[BlackElo "2110"]

1.c4 c6 2.d4 d5 3.Nf3 e6 4.cxd5 exd5 5.Qc2 Bd6 6.Nc3 Ne7 7.Bg5 O-O 8.e3 f6
9.Bh4 Bf5 10.Bd3 Bxd3 11.Qxd3 Ng6 12.Bg3 Qe7 13.Bxd6 Qxd6 14.h4 Na6 15.h5 Ne7
16.O-O-O Nb4 17.Qd2 a5 18.g4 Qe6 19.Rdg1 Nc8 20.a3 Na6 21.Nh4 Nd6 22.Qc2 b5
23.Ne2 Qe4 24.Nf5 Qxc2+ 25.Kxc2 Rad8 26.Nxd6 Rxd6 27.Ng3 a4 28.Nf5 Re6 29.b4 Nb8
30.Kd3 Nd7 31.g5 fxg5 32.Rxg5 g6 33.hxg6 hxg6 34.Rhg1 Kh7 35.Rh1+ Kg8 36.Rhg1 Kh7
37.Rh1+  1/2-1/2

[Event "Graz op"]
[Site "Graz"]
[Date "1997.??.??"]
[Round "5"]
[White "Eingorn, Vereslav S"]
[Black "Burmakin, Vladimir"]
[Result "1/2-1/2"]
[WhiteElo "2590"]
[BlackElo "2550"]

1.c4 c6 2.Nf3 d5 3.e3 Nf6 4.Nc3 a6 5.h3 dxc4 6.Bxc4 b5 7.Be2 e6 8.O-O Bb7
9.b3 Nbd7 10.Bb2 Be7 11.Qc2 O-O 12.Rfd1 Qb8 13.a4 h6 14.Rac1 Rc8 15.Qb1 bxa4
16.Nxa4 c5 17.Nc3 Bc6 18.Qc2 Nd5 19.Nxd5 Bxd5 20.Bc4 Qb7  1/2-1/2

[Event "Graz op"]
[Site "Graz"]
[Date "1997.??.??"]
[Round "7"]
[White "Eingorn, Vereslav S"]
[Black "Baumegger, Siegfried"]
[Result "1-0"]
[WhiteElo "2590"]
[BlackElo "2485"]

1.c4 c6 2.Nf3 d5 3.e3 Nf6 4.Nc3 e6 5.b3 Nbd7 6.Qc2 Bd6 7.Be2 O-O 8.Bb2 Re8
9.O-O Qe7 10.Rfd1 a6 11.d4 dxc4 12.bxc4 e5 13.c5 Bc7 14.dxe5 Nxe5 15.Na4 Neg4
16.Bd3 Ne4 17.Bxe4 Qxe4 18.Qxe4 Rxe4 19.Nb6 Rb8 20.h3 Nf6 21.Be5 Ne8 22.Bxc7 Nxc7
23.Rab1 Re8 24.Nxc8 Rexc8 25.Ne5 Nd5 26.Nd7 Nc3 27.Nxb8 Nxd1 28.Rxb7  1-0

[Event "Perenyi  Memorial"]
[Site "Gyula"]
[Date "1997.??.??"]
[Round "5"]
[White "Ruck, Robert"]
[Black "Dittmar, Peter"]
[Result "0-1"]
[WhiteElo "2450"]
[BlackElo "2360"]

1.c4 c6 2.b3 d5 3.Bb2 Nf6 4.g3 Bg4 5.Bg2 e6 6.Nf3 Nbd7 7.O-O Be7 8.d4 O-O
9.Nbd2 b5 10.c5 a5 11.a3 Qc7 12.b4 Bf5 13.Bc3 a4 14.Ne5 Rad8 15.Qc1 Nxe5
16.dxe5 Nd7 17.Qb2 f6 18.e4 Bg6 19.f4 fxe5 20.fxe5 Bg5 21.exd5 Be3+ 22.Kh1 Bxd2
23.d6 Bxc3 24.dxc7 Bxb2 25.cxd8=Q Rxd8 26.Ra2 Bxe5 27.Rd2 Bc3 28.Rd6 Be5
29.Rd2 Bc3 30.Rd6 Be5 31.Rxe6 Bf7 32.Rxc6 Nf6 33.Rb6 Bc4 34.Re1 Bc3 35.Rc1 Bd4
36.Bf3 Nd5 37.Rd6 Rxd6 38.cxd6 Nf6 39.Re1 Kf8 40.Re7 Nd5 41.Rb7 Ke8 42.h3 Be5
43.Bg4 Bxd6 44.Bd7+ Kd8 45.Bxb5 Bxb5 46.Rxb5 Nc3 47.Rb7 Be5 48.Kg2 Kc8 49.Rf7 Nb1
50.Ra7 Nc3 51.Kf3 Kb8 52.Rd7 Nb1 53.Ke4 Bf6 54.Rd3 Nc3+ 55.Kf5 Kc7 56.g4 Nb5
57.Rd2 Bc3 58.Rd5 Kc6 59.Rc5+ Kb6 60.Ke4 Bb2 61.Kd5 Nxa3 62.Ra5 Nb5 63.Kc4 Nc3
64.g5 a3 65.Kb3 Ne2 66.h4 Nd4+ 67.Kc4 Nc6 68.Ra4 Ne5+ 69.Kb3 Nf3 70.b5 Kxb5
71.Rf4 Nd4+ 72.Ka2 Kc4 73.h5 Bc1 74.Rf7 Nb5 75.Kb1 Kb3 76.Rf2 Bb2 77.Rxb2+ axb2
78.h6 Nc3+  0-1

[Event "Wichern op"]
[Site "Hamburg"]
[Date "1997.??.??"]
[Round "1"]
[White "Mednis, Edmar John"]
[Black "Bohnstorff, Michael"]
[Result "1/2-1/2"]
[WhiteElo "2405"]
[BlackElo "2165"]

1.c4 c6 2.Nf3 d5 3.d4 Nf6 4.Qb3 Qb6 5.Nc3 Bf5 6.Qxb6 axb6 7.cxd5 Nxd5 8.Nxd5 cxd5
9.Bd2 Nc6 10.e3 f6 11.Bb5 Bd7 12.O-O e6 13.Rfc1 Bd6 14.Bd3 f5 15.Bc3 Na7
16.Ne5 Bb5 17.Bc2 Ke7 18.a4 Bd7 19.Nxd7 Kxd7 20.f3 Nc6 21.e4 g6 22.exd5 exd5
23.Bb3 Bf4 24.Re1 Kd6 25.Rad1 Rhe8 26.Re5 Bxe5 27.dxe5+ Kc7 28.Rxd5 Rad8
29.Rxd8 Nxd8 30.f4 Ne6 31.g3 Nc5 32.Bc2 Rd8 33.b3 Re8 34.Kf2 Rc8 35.Ke3 Kc6
36.b4 Ne6 37.Bb3 Re8 38.Bc4 Kc7 39.Bb5 Rd8 40.Bc4 Re8 41.Bd5 Re7 42.Kd3 Kb8
43.Kc4 Re8 44.Kb3 Kc7 45.h4 Kb8 46.Bc4  1/2-1/2

[Event "Wichern op"]
[Site "Hamburg"]
[Date "1997.??.??"]
[Round "5"]
[White "Buhr, Carl Christian"]
[Black "Szobris, Torsten"]
[Result "1-0"]
[WhiteElo "2340"]
[BlackElo "2140"]

1.c4 c6 2.g3 d5 3.Bg2 Nf6 4.Nf3 Bg4 5.cxd5 cxd5 6.Ne5 Bc8 7.Nc3 e6 8.O-O Be7
9.d4 O-O 10.Bf4 a6 11.Na4 Nfd7 12.Nf3 b5 13.Nc3 Bb7 14.Rc1 Nf6 15.Ne5 Qb6
16.g4 Rd8 17.g5 Ne8 18.e3 Nd7 19.Nd3 Rac8 20.b4 Nd6 21.Bxd6 Qxd6 22.Nc5 Rc7
23.f4 Nb6 24.Rf3 g6 25.h4 Nc4 26.Qe1 f5 27.h5 gxh5 28.Rh3 Bf8 29.Rxh5 Bc8
30.Qe2 Bd7 31.Kf2 Be8 32.Rh3 Bg6 33.Bf3 Bg7 34.Rch1 Qc6 35.a4 Rcc8 36.Ra1 bxa4
37.Rxa4 Ra8 38.Qa2 Bf8 39.Rh1 Bf7 40.Ra1 Bxc5 41.bxc5 Rab8 42.Rxc4  1-0

[Event "Wichern op"]
[Site "Hamburg"]
[Date "1997.??.??"]
[Round "7"]
[White "Mednis, Edmar John"]
[Black "Hochgraefe, Markus"]
[Result "1/2-1/2"]
[WhiteElo "2405"]
[BlackElo "2290"]

1.c4 c6 2.Nf3 d5 3.d4 e6 4.Qc2 Bd6 5.g3 f5 6.Bg2 Nf6 7.O-O O-O 8.b3 Qe7 9.a4 a5
10.Ba3 Bxa3 11.Nxa3 Na6 12.Qb2 b6 13.Ne5 Bb7 14.Rac1 c5 15.Nb5 Nb4 16.Rfd1 Ne4
17.e3 Rac8 18.Qe2 Rfd8 19.Na7 Ra8 20.Nb5 Rac8 21.Na7 Ra8  1/2-1/2

[Event "Hamburg ch"]
[Site "Hamburg"]
[Date "1997.??.??"]
[Round "9"]
[White "Wendt, Jan Dietrich"]
[Black "Kues, Hendrik"]
[Result "1-0"]
[WhiteElo "2285"]
[BlackElo "2205"]

1.c4 c6 2.e4 d5 3.exd5 cxd5 4.d4 Nf6 5.Nc3 e6 6.Nf3 Be7 7.cxd5 exd5 8.Bd3 O-O
9.h3 Re8 10.O-O Nc6 11.Re1 h6 12.Bf4 Be6 13.Qd2 Bd6 14.Be5 a6 15.Rad1 Rc8
16.Bb1 Ne4 17.Qd3 Nb4 18.Qe3 Bf5 19.Qf4 Nxc3 20.Bxf5 Bxe5 21.dxe5 Nxd1 22.Qxb4 Rc1
23.Qd2 Ne3 24.Qxe3 Rxe1+ 25.Qxe1 Qb6 26.Qd2 g6 27.Qxh6 Qxb2 28.Bxg6 fxg6
29.Qxg6+ Kf8 30.Qd6+ Re7 31.Qh6+ Kg8 32.Qg5+ Kf8 33.Nh4 Ke8 34.Qg8+ Kd7 35.Qxd5+ Kc8
36.Qc5+ Rc7 37.Qf8+ Kd7 38.Qd6+ Kc8 39.Qf8+ Kd7 40.Qd6+ Kc8 41.Ng6 Rd7 42.Qf8+ Kc7
43.Qc5+ Kb8 44.e6 Rc7 45.Qf8+ Rc8 46.Qd6+ Ka7 47.e7 Rc6 48.Qd3 Re6 49.Qf5 Qxa2
50.Kh2 Qc4 51.Qf7 Qe4 52.g3 a5  1-0

[Event "Wichern op"]
[Site "Hamburg"]
[Date "1997.??.??"]
[Round "9"]
[White "Chuchelov, Vladimir"]
[Black "Hochgraefe, Markus"]
[Result "1/2-1/2"]
[WhiteElo "2540"]
[BlackElo "2290"]

1.c4 c6 2.d4 d5 3.Nf3 e6 4.e3 Bd6 5.Bd3 f5 6.O-O Nf6 7.b3 Qe7 8.a4 a5 9.Ba3 Bxa3
10.Nxa3 O-O 11.Nc2 b6 12.Qc1 c5 13.Ne5 Nbd7 14.Qb2 Ne4 15.f3 Nd6 16.Rfe1 Bb7
17.Bf1 Nf7 18.Na3 Ndxe5 19.dxe5 Rad8 20.Rad1 Bc6 21.f4 Rd7 22.cxd5 exd5 23.g3 Qe6
24.Bg2 Nh8 25.Rd3 Rfd8 26.Red1 Ng6 27.Nb5 Bxb5 28.axb5 Ne7 29.h3 Qg6 30.Kh2 Qe6
31.R1d2 Kf7 32.Qa1 g6 33.Qd1 Kg8 34.g4 Kh8 35.Bf3 Qf7 36.gxf5 gxf5 37.Qe1 Qe6
38.Qh4 Rf8 39.Rg2 Rg8 40.Qf6+ Qxf6 41.exf6 Rxg2+ 42.Kxg2 Ng8 43.Rxd5 Nxf6
44.Rxf5 Kg7 45.Rg5+ Kf8 46.Bc6 Rd2+ 47.Kf3 Rd3 48.f5 Rxb3 49.Kf4 a4 50.Rg2 a3
51.Rd2 Ke7 52.e4 Rb4 53.Ke5 Ra4 54.Ra2 c4 55.Kd4 c3+ 56.Kxc3 Nxe4+ 57.Kc2  1/2-1/2

[Event "Hessenliga9798"]
[Site "Hessen"]
[Date "1997.??.??"]
[Round "?.7"]
[White "Schlierf, Andre"]
[Black "Schmitzer, Horst"]
[Result "0-1"]
[WhiteElo "2070"]
[BlackElo "2290"]

1.c4 c6 2.Nf3 Nf6 3.Nc3 d5 4.e3 g6 5.d4 Bg7 6.Be2 O-O 7.O-O dxc4 8.Bxc4 Bg4
9.Be2 Nbd7 10.Nd2 Bxe2 11.Qxe2 e5 12.dxe5 Nxe5 13.Nf3 Nd5 14.Bd2 Nxf3+ 15.Qxf3 Nxc3
16.Bxc3 Bxc3 17.bxc3 Qa5 18.c4 Rad8 19.Rfd1 Rxd1+ 20.Qxd1 Rd8 21.Qb3 Rd7
22.g3 b6 23.Rd1 Rd2 24.a4 Kg7 25.h4 h6 26.Qb1 Qc3 27.Rxd2 Qxd2 28.Qa1+ f6
29.Kf1 Qd3+ 30.Ke1 Qxc4 31.Qd1 Qd5 32.Qe2 b5 33.axb5 cxb5 34.Qc2 Qd7 35.Qc3 h5
36.f3 Qb7 37.Qb4 Kf7 38.e4 Qb6 39.Ke2 a5 40.Qd2 b4 41.Qd5+ Kf8 42.Qa8+ Ke7
43.Qg8 b3 44.Qg7+ Kd8 45.Qf8+ Kc7 46.Qe7+ Kb8 47.Qe8+ Ka7 48.Qd7+ Ka6 49.Qc8+ Kb5
50.Qc3 a4 51.Qd3+ Ka5 52.Qc3+ Ka6 53.Qc8+ Kb5 54.Qd7+ Qc6  0-1

[Event "Hessenliga9798"]
[Site "Hessen"]
[Date "1997.??.??"]
[Round "?.2"]
[White "Janoschka, Arnd"]
[Black "Luechtemeier, Peter"]
[Result "1/2-1/2"]
[WhiteElo "2210"]
[BlackElo "2135"]

1.c4 c6 2.g3 d5 3.Bg2 Nf6 4.Nf3 Bg4 5.O-O Nbd7 6.cxd5 Nxd5 7.d4 g6 8.e4 N5b6
9.Nc3 Bg7 10.h3 Bxf3 11.Bxf3 O-O 12.Bg2 e5 13.d5 c5 14.Rb1 Nc8 15.b4 c4 16.a4 Nd6
17.Qe2 Qc7 18.Ba3 a6 19.b5 axb5 20.Bxd6 Qxd6 21.Rxb5 Qa3 22.Rxb7 Qxc3 23.Rxd7 Rxa4
24.Rc7 Rfa8 25.Kh2 Bf6 26.Qg4 R4a7 27.d6 Qa5 28.Rxc4 Qa6 29.Rfc1  1/2-1/2

[Event "Highgate Masters"]
[Site "Highgate"]
[Date "1997.??.??"]
[Round "8"]
[White "Mah, Karl"]
[Black "Harari, Zaki"]
[Result "1-0"]
[WhiteElo "2365"]
[BlackElo "2250"]

1.c4 c6 2.d4 d5 3.Nf3 e6 4.Nc3 dxc4 5.e3 b5 6.a4 Bb4 7.Bd2 a5 8.axb5 Bxc3
9.Bxc3 cxb5 10.b3 Bb7 11.d5 Nf6 12.bxc4 b4 13.Bxf6 Qxf6 14.Qa4+ Nd7 15.Nd4 e5
16.Nb3 Ke7 17.Be2 Rhc8 18.O-O Nc5 19.Nxc5 Rxc5 20.Rad1 Kf8 21.f4 e4 22.Rd4 Re8
23.Bg4 Qb6 24.Bd7 Rd8 25.Bf5 Re8 26.Bd7 Rd8 27.Bf5 Re8 28.Bxe4 f5 29.Bxf5 Rxe3
30.Kh1 Qf6 31.Rd3 Re2 32.Bg4 Re4 33.Bf3 Rexc4 34.Re3 Qd8 35.Rfe1 Rc8 36.Qb5 Ba8
37.Bg4 Rc3 38.Bxc8 Rxe3 39.Rxe3 Qxc8 40.Re1 Qd8 41.d6  1-0

[Event "HUN-chT2 9798"]
[Site "HUN"]
[Date "1997.??.??"]
[Round "?"]
[White "Mokcsay, Robert"]
[Black "Gelle, Istvan"]
[Result "1-0"]
[WhiteElo "2290"]
[BlackElo "2245"]

1.c4 c6 2.Nc3 d5 3.d4 Nf6 4.Nf3 dxc4 5.a4 Bg4 6.Ne5 Bh5 7.f3 Nfd7 8.Nxc4 e5
9.e4 Qh4+ 10.g3 Qf6 11.g4 Qh4+ 12.Ke2 Bxg4 13.fxg4 exd4 14.Qxd4 Bc5 15.Qd3 Qf2+
16.Kd1 Na6 17.Qg3 Qd4+ 18.Kc2 Nb4+ 19.Kb1 O-O-O 20.Be3 Qf6 21.g5 Qe7 22.Bh3 Bxe3
23.Nxe3 h6 24.Nf5 Qe5 25.Nd6+  1-0

[Event "HUN-chT 9798"]
[Site "Hungary"]
[Date "1997.??.??"]
[Round "?"]
[White "Horvath, Jozsef"]
[Black "Dovzik, Juri"]
[Result "1/2-1/2"]
[WhiteElo "2535"]
[BlackElo "2410"]

1.c4 c6 2.e4 d5 3.exd5 cxd5 4.d4 Nf6 5.Nc3 e6 6.Nf3 Bb4 7.Bd3 dxc4 8.Bxc4 O-O
9.O-O b6 10.Bg5 Bb7 11.Re1 Nbd7 12.Bd3 Qb8 13.Ne5 Bxc3 14.bxc3 Qc7 15.Nxd7 Nxd7
16.Qh5 g6 17.Qh6 Rae8 18.h4 e5 19.h5 e4 20.Bb5 Re6 21.Bf4 Qc8 22.Re3 gxh5
23.Qxh5 Rg6 24.Qh4 Nf6 25.Be5 Qg4 26.Qh2 Qf5 27.Be2  1/2-1/2

[Event "HUN-chT 9798"]
[Site "Hungary"]
[Date "1997.??.??"]
[Round "?"]
[White "Kocsis, Janos"]
[Black "Bali, Janos"]
[Result "1/2-1/2"]
[WhiteElo "2250"]
[BlackElo "2270"]

1.c4 c6 2.Nf3 d5 3.b3 Nf6 4.Bb2 g6 5.g3 Bg7 6.Bg2 O-O 7.O-O b5 8.Qc2 Bg4
9.d3 Bxf3 10.Bxf3 Nbd7 11.Nd2 Qb6 12.Rac1 bxc4 13.bxc4 Qa6 14.Rb1 Rab8 15.Ba1 e6
16.Rfc1 Rb6 17.Rxb6 axb6 18.Bb2 Ra8 19.Ra1 Qa4 20.Qxa4 Rxa4 21.Kg2 h5 22.e3 Nc5
23.Bd1 Ra8 24.d4 Na4 25.Rb1 Nxb2 26.Rxb2 c5 27.dxc5 bxc5 28.Bb3 Ne4 29.Rc2 Nxd2
30.Rxd2 d4 31.e4 Bh6 32.f4 h4 33.Kf3 hxg3 34.hxg3 f5 35.Rh2 fxe4+ 36.Kxe4 Bg7
37.Rh1 Kf7 38.Rh7  1/2-1/2

[Event "ISL-chT"]
[Site "Iceland"]
[Date "1997.??.??"]
[Round "?"]
[White "Sigurpalsson, Runar"]
[Black "Thorfinnsson, Bragi"]
[Result "1-0"]
[WhiteElo "2275"]
[BlackElo "2160"]

1.c4 c6 2.b3 d5 3.e3 Nf6 4.Bb2 Bf5 5.Nf3 e6 6.Be2 h6 7.O-O Bd6 8.d4 Nbd7
9.Ne5 Qe7 10.Nd2 Ne4 11.Nxe4 Bxe4 12.f3 Bf5 13.e4 Bxe5 14.exf5 Bf4 15.fxe6 Qxe6
16.cxd5 cxd5 17.Bb5 O-O 18.Re1 Qd6 19.g3 Bg5 20.f4 Bf6 21.a4 Rfe8 22.Kg2 Re4
23.Bd3 Rxe1 24.Qxe1 Qb6 25.Qe3 g6 26.Bb5 Nf8 27.f5 Rc8 28.Rf1 a6 29.Be8 Bg5
30.Qe5 Rc2+ 31.Kh1 Qxb3 32.fxg6 fxg6 33.Bxg6 Rxh2+ 34.Kxh2 Qxb2+ 35.Kh3 Qb6
36.Rxf8+  1-0

[Event "SLO-ch int blind"]
[Site "Izola"]
[Date "1997.??.??"]
[Round "?"]
[White "Negovanovic, B."]
[Black "Mlacnik, Franc"]
[Result "1/2-1/2"]
[WhiteElo "2150"]
[BlackElo "2165"]

1.c4 c6 2.Nf3 d5 3.e3 e6 4.b3 Nf6 5.Be2 Bd6 6.Bb2 Nbd7 7.cxd5 exd5 8.O-O O-O
9.Ba3 Bxa3 10.Nxa3 Qe7 11.Nb1 Ne5 12.d3 Re8 13.Nxe5 Qxe5 14.Nd2 Bf5 15.Nf3 Qe7
16.Qd2 Rad8 17.Rae1 Ng4 18.h3 Ne5 19.Nd4 Bc8 20.f4 Ng6 21.Bd1 f5 22.Bh5 Qf6
23.Nf3 Re7 24.Bxg6 Qxg6 25.d4 Qd6 26.Rc1 b6 27.Rc2 c5 28.Rfc1 Rc7 29.dxc5 Rxc5
30.Rxc5 bxc5 31.Qa5 d4 32.Qxc5 Qxc5 33.Rxc5 dxe3 34.Re5 Bb7 35.Rxe3 Bxf3
36.Rxf3 Rd4 37.g3 Kf7 38.Rc3 Rd1+ 39.Kf2 Rd2+ 40.Ke3 Rxa2 41.Kd4 h6 42.b4 Rd2+
43.Ke5 Re2+ 44.Kxf5 g6+ 45.Kg4 Rb2 46.Rc4 Rb3 47.Rc7+ Kf6 48.Rxa7 Rxb4 49.Ra6+ Kg7
50.Ra2 Rb3 51.Kh4 Kf6 52.Ra6+ Kg7 53.g4 Rf3 54.Ra4 Rxf4 55.Rxf4 g5+ 56.Kg3 gxf4+
57.Kxf4 Kg6 58.h4 Kf6 59.Ke4 Ke6 60.Kd4 Kd6 61.h5 Ke6 62.Ke4 Kf6 63.Kf4 Ke6  1/2-1/2

[Event "Juvenil op"]
[Site "?"]
[Date "1997.??.??"]
[Round "4"]
[White "Miret, J."]
[Black "Castany Pampalona, Andreu"]
[Result "1/2-1/2"]
[WhiteElo "2155"]
[BlackElo "2010"]

1.c4 c6 2.e4 d5 3.cxd5 cxd5 4.exd5 Qxd5 5.Nc3 Qd8 6.d4 Nf6 7.Bc4 e6 8.Nf3 Nbd7
9.d5 exd5 10.Nxd5 Nxd5 11.Qxd5 Bb4+ 12.Bd2 Qe7+ 13.Kd1 Bxd2 14.Qxd2 O-O 15.Re1 Qf6
16.Re3 Nb6 17.Bb3 Bf5 18.Ke1 Rfe8 19.Rd1 Be4 20.Kf1 Bc6 21.Rxe8+ Rxe8 22.Ng5 Bb5+
23.Kg1 Bc4 24.Bxc4 Nxc4 25.Qd7 Nd6 26.h4 h6 27.Qxd6 hxg5 28.Qxf6 gxf6 29.Rd7 b6
30.hxg5 fxg5 31.Rxa7 Re1+ 32.Kh2 Re2 33.b3 Rxf2 34.Ra6  1/2-1/2

[Event "Juvenil op"]
[Site "?"]
[Date "1997.??.??"]
[Round "6"]
[White "Miret, J."]
[Black "Parramon, F."]
[Result "1/2-1/2"]
[WhiteElo "2155"]
[BlackElo "2035"]

1.c4 c6 2.e4 d5 3.cxd5 cxd5 4.exd5 Nf6 5.Nc3 Nxd5 6.d4 Nc6 7.Be2 g6 8.Nf3 Bg7
9.Be3 O-O 10.O-O Nxe3 11.fxe3 Bh6 12.Qd2 e5 13.Kh1 exd4 14.Nxd4 Re8 15.Qd1 Nxd4
16.exd4 Be6 17.d5 Bf5 18.Qb3 Rc8 19.Bf3 Qh4 20.g3 Qe7 21.Rad1 Rcd8 22.Qc4 Rc8
23.Qa4 b5 24.Nxb5 Bc2 25.Qxa7 Bxd1 26.Rxd1 Qxa7 27.Nxa7 Rc1 28.Kg2 Ra8 29.Nc6 Rxa2
30.Rd3 Rxb2+ 31.Kh3 Rd2 32.Rb3 Rcc2 33.g4 Bf4 34.g5 Bxg5 35.Kg4 h6 36.Ne5 f5+
37.Kg3 Rxh2 38.Nxg6 Kg7 39.Rb6 f4+ 40.Kg4 Rhf2 41.Be4 Rce2 42.Kf5 Rxe4 43.Kxe4 Re2+
44.Kf5 Re3 45.Rb7+ Kg8 46.Rb8+ Kf7 47.Nxf4 Rf3 48.Rb4  1/2-1/2

[Event "Tavasz"]
[Site "Kecskemet"]
[Date "1997.??.??"]
[Round "1"]
[White "Gyimesi, Zoltan"]
[Black "Groszpeter, Attila"]
[Result "1/2-1/2"]
[WhiteElo "2500"]
[BlackElo "2540"]

1.c4 c6 2.Nf3 d5 3.d4 Nf6 4.cxd5 cxd5 5.Nc3 Nc6 6.Bf4 Bf5 7.e3 e6 8.Bd3 Bxd3
9.Qxd3 Bd6 10.Bg3 O-O 11.O-O Rc8 12.Rac1 Bxg3 13.hxg3 Qd6 14.a3 h6  1/2-1/2

[Event "Klatovy op-B"]
[Site "Klatovy"]
[Date "1997.??.??"]
[Round "?"]
[White "Kubik, Jan"]
[Black "Kaspar, J."]
[Result "1/2-1/2"]
[WhiteElo "1930"]
[BlackElo "1760"]

1.c4 c6 2.Nc3 Nf6 3.g3 g6 4.Bg2 Bg7 5.Nf3 d6 6.O-O O-O 7.d4 Qc7 8.e4 Bg4
9.h3 Bxf3 10.Qxf3 Nbd7 11.Be3 e5 12.Rfd1 Rad8 13.Rab1 Nb6 14.dxe5 dxe5 15.Qe2 Rxd1+
16.Rxd1 Rd8 17.b3 Rxd1+ 18.Qxd1 Nbd7 19.Qd2 a6 20.Na4 Nf8 21.Nc5 N6d7  1/2-1/2

[Event "Klatovy op-A"]
[Site "Klatovy"]
[Date "1997.??.??"]
[Round "?"]
[White "Dusbaba, Karel"]
[Black "Lacha, J."]
[Result "1/2-1/2"]
[WhiteElo "1930"]
[BlackElo "2000"]

1.c4 c6 2.g3 d5 3.Bg2 Nf6 4.Nf3 e6 5.O-O Be7 6.b3 O-O 7.d4 Ne4 8.Ba3 Bxa3
9.Nxa3 a5 10.Qd3 b6 11.Nb1 Ba6 12.Nbd2 Nxd2 13.Nxd2 Qd6 14.Qc3 Nd7 15.Rfc1 Rac8
16.e3 Qb4 17.Qxb4 axb4 18.a3 bxa3 19.Rxa3 Bb7 20.Ra7 Rb8 21.b4 Rfc8 22.Bf1 Kf8
23.Rb1 Ke8 24.Nb3 dxc4 25.Bxc4 Kd8 26.Bd3 Kc7 27.Ba6 Nf6 28.Nc1 Ne8 29.Bxb7  1/2-1/2

[Event "Klatovy op-B"]
[Site "Klatovy"]
[Date "1997.??.??"]
[Round "?"]
[White "Prib, Ja"]
[Black "Hobl, S."]
[Result "0-1"]
[WhiteElo "1870"]
[BlackElo "1750"]

1.c4 c6 2.g3 d5 3.cxd5 cxd5 4.d4 Bf5 5.Bg2 Nf6 6.Nc3 e6 7.Nf3 h6 8.O-O Be7
9.Qb3 Qd7 10.Ne5 Qc8 11.Bd2 Nc6 12.Qa4 O-O 13.Rac1 Qe8 14.Nxc6 bxc6 15.a3 Qd7
16.b4 Rfb8 17.Qa5 Bd8 18.Qa6 Rb6 19.Qa4 a5 20.Qb3 axb4 21.Na4 Rb5 22.Nc5 bxa3
23.Qxb5 cxb5 24.Nxd7 Nxd7 25.Ra1 Be7 26.f3 Nb6 27.e4 Nc4 28.Bc1 Bg6 29.Re1 Bb4
30.Re2 Bc3 31.Raa2 b4 32.exd5 exd5 33.f4 Bxd4+ 34.Kh1 Be4 35.Bxe4 dxe4 36.Rac2 Nb2
37.Bxb2 Bxb2 38.Rxb2 axb2 39.Rxb2 Rb8 40.f5 Kf8 41.Kg2 Ke7 42.Re2 Kf6 43.Rxe4 b3
44.Re1 b2 45.Rb1 Kxf5 46.Kf2 Ke4 47.Ke2 g5 48.Kd2 f5 49.Kc2 Kf3  0-1

[Event "Koblenz-ch"]
[Site "Koblenz"]
[Date "1997.??.??"]
[Round "4"]
[White "Schenderowitsch, Michael"]
[Black "Bosma, Achim"]
[Result "1/2-1/2"]
[WhiteElo "1975"]
[BlackElo "1880"]

1.c4 c6 2.Nc3 d5 3.d4 Nf6 4.Nf3 dxc4 5.a4 Nd5 6.e4 Nxc3 7.bxc3 b5 8.Ba3 e6
9.Bxf8 Kxf8 10.Be2 Nd7 11.a5 Nf6 12.Nd2 a6 13.O-O c5 14.e5 Nd5 15.Ne4 cxd4
16.Qxd4 Qc7 17.Nd6 Bb7 18.f4 g6 19.Bf3 Rd8 20.Be4 Rg8 21.Kh1 f5 22.Bf3 Ba8
23.Bxd5 Bxd5 24.Qb6 Qb8 25.Qxa6 Qa8 26.Qxa8 Rxa8 27.Nxb5 Rg7 28.a6 Bc6 29.Nd4 Bd5
30.Rfb1 g5 31.fxg5 Rxg5 32.Ra2 f4 33.Nf3 Rg7 34.h4 h6 35.Kh2 Ke8 36.Nd4 Rxa6
37.Rxa6  1/2-1/2

[Event "Koge op"]
[Site "Koge"]
[Date "1997.??.??"]
[Round "4"]
[White "Salmensuu, Olli"]
[Black "Bang, Andreas"]
[Result "1/2-1/2"]
[WhiteElo "2380"]
[BlackElo "2280"]

1.c4 c6 2.e4 e5 3.Nf3 Qa5 4.Nc3 Nf6 5.Bd3 Bb4 6.O-O O-O 7.a3 Bxc3 8.dxc3 d5
9.cxd5 cxd5 10.Nxe5 dxe4 11.Nc4 Qc7 12.Be2 Bg4 13.Bxg4 Qxc4 14.Be2 Qe6 15.Qa4 Nbd7
16.Qc4 Qf5 17.Qb5 Ne5 18.Be3 a6 19.Qxb7 Rfb8 20.Qc7 Nd5 21.Qd6 Rd8 22.Qc5 Rac8
23.Qa7 Ra8 24.Qc5 Rac8 25.Qa7 Ra8  1/2-1/2

[Event "RUS-ch U20"]
[Site "Kolontaevo"]
[Date "1997.??.??"]
[Round "?"]
[White "Prokopchuk, Evgeny"]
[Black "Galkin, Alexander"]
[Result "1/2-1/2"]
[WhiteElo "2440"]
[BlackElo "2510"]

1.c4 c6 2.g3 d5 3.Bg2 Nf6 4.Nf3 g6 5.b3 Bg7 6.Bb2 O-O 7.O-O a5 8.d3 Bg4 9.Nbd2 Nbd7
10.a3 Re8 11.h3 Bxf3 12.Bxf3 e5 13.Bg2 Qb6 14.Rc1 d4 15.Qc2 Bf8 16.Rce1 Nh5
17.Kh2 f5 18.e3 dxe3 19.Rxe3 Rad8 20.Re2 Nc5 21.d4 exd4 22.Rxe8 Rxe8 23.Bxd4 Qd8
24.Nf3 Ne4 25.Rd1 Qe7 26.c5 Bg7 27.b4 axb4 28.axb4 Bxd4 29.Rxd4 Nhf6 30.Bf1 Kg7
31.Bc4 h6 32.Kg2 Ng5 33.Nd2 Rd8 34.Qd3 Ra8 35.h4 Nf7 36.Bxf7 Qxf7 37.h5 Nd5
38.hxg6 Qxg6 39.Nf3 f4 40.Qxg6+ Kxg6 41.b5 fxg3 42.bxc6  1/2-1/2

[Event "Cassovia op"]
[Site "Kosice"]
[Date "1997.??.??"]
[Round "?"]
[White "Demeter, Peter"]
[Black "Dovzik, Juri"]
[Result "1/2-1/2"]
[WhiteElo "2225"]
[BlackElo "2405"]

1.c4 c6 2.Nf3 d5 3.cxd5 cxd5 4.g3 Nf6 5.Bg2 Nc6 6.O-O e6 7.d3 Be7 8.Nc3 d4
9.Nb5 O-O 10.Bg5 e5 11.Qd2 Be6 12.Rfc1 Bd5 13.Na3 h6 14.Bxf6 Bxf6 15.Qc2 a6
16.Nc4 b5 17.Ncd2 Be7 18.Ne1 Nb4 19.Qb1 Bg5 20.Bxd5 Qxd5 21.Nef3 Bxd2 22.Nxd2 Rac8
23.a3 Nc6 24.Qa2 Qxa2 25.Rxa2 Ne7 26.Raa1 Nd5 27.Ne4 Rfd8 28.Kg2  1/2-1/2

[Event "Cassovia op"]
[Site "Kosice"]
[Date "1997.??.??"]
[Round "?"]
[White "Harasta, Vladimir"]
[Black "Dovzik, Juri"]
[Result "1/2-1/2"]
[WhiteElo "2170"]
[BlackElo "2405"]

1.c4 c6 2.d4 d5 3.cxd5 cxd5 4.Nf3 Nf6 5.Nc3 Nc6 6.Bf4 a6 7.e3 Bg4 8.h3 Bxf3
9.Qxf3 Qb6 10.Rb1 e6 11.Qd1 Be7 12.a3 O-O 13.Bd3 Na5 14.Na4 Qa7 15.Bc7 Nc4
16.Bxc4 b5 17.Bb6 Qb7 18.Bd3 bxa4 19.Ba5 Qd7 20.O-O Rfc8 21.Bc2 Rc4 22.Bd3 Rcc8
23.Bc2 Rc4 24.Bd3 Rcc8  1/2-1/2

[Event "Krasnodar op"]
[Site "Krasnodar"]
[Date "1997.??.??"]
[Round "?"]
[White "Vakhidov, Tahir"]
[Black "Popov, Roman"]
[Result "1/2-1/2"]
[WhiteElo "2470"]
[BlackElo "2365"]

1.c4 c6 2.Nf3 d5 3.d4 Nf6 4.Qc2 g6 5.e3 Bf5 6.Bd3 Bxd3 7.Qxd3 Bg7 8.Nc3 O-O
9.O-O Nbd7 10.cxd5 cxd5 11.Bd2 a6 12.Rfc1 e6 13.Rc2  1/2-1/2

[Event "Krasnodar"]
[Site "Krasnodar"]
[Date "1997.??.??"]
[Round "1"]
[White "Brodsky, Michail"]
[Black "Maiorov, Oleg"]
[Result "0-1"]
[WhiteElo "2515"]
[BlackElo "2435"]

1.c4 c6 2.e4 d5 3.exd5 cxd5 4.d4 Nf6 5.Nc3 e6 6.Nf3 Nc6 7.cxd5 Nxd5 8.Bd3 Be7
9.O-O O-O 10.Re1 Qa5 11.Bd2 Rd8 12.a3 Nxc3 13.bxc3 Bf6 14.Qe2 Qh5 15.Rab1 a6
16.Be4 Qa5 17.c4 Qc7 18.d5 Ne5 19.Rec1 Rb8 20.Be3 b6 21.Nd4 Bd7 22.Bf4 Rbc8
23.h3 Qc5 24.Bxe5 Bxe5 25.Bxh7+ Kxh7 26.Qxe5 exd5 27.cxd5 Qxa3 28.Nc6 Re8
29.Qf4 Bxc6 30.dxc6 Re7 31.Rxb6 Rec7 32.Rc4 a5 33.Rb5 Qa1+ 34.Kh2 Qf1 35.Rxa5 g6
36.Rac5 Qe2 37.Rc2 Qe6 38.Qf3 Qd6+ 39.g3 Kg7 40.Kg2 Qe6 41.h4 Qd6 42.R2c3 Rh8
43.Rd5 Qe6 44.Rdc5 Qd6 45.R5c4 Rh5 46.Rd3 Qe6 47.Rd2 Qxc4 48.Rd7 Rxd7 49.cxd7 Rd5  0-1